[Event "Nairobi op"]
[Site "Nairobi"]
[Date "2023.04.07"]
[Round "4"]
[White "Sang, Ricky"]
[Black "Kagambi, Samuel"]
[Result "1-0"]
[WhiteElo "1818"]
[BlackElo "1338"]
[PlyCount "35"]
[EventDate "2023.04.06"]
[EventType "swiss"]
[EventRounds "9"]
[EventCountry "KEN"]
[SourceTitle "EXT 2024"]
[Source "ChessBase"]
[SourceDate "2023.10.10"]
[SourceVersion "1"]
[SourceVersionDate "2023.10.10"]
[SourceQuality "1"]

1. d4 Nf6 2. Bf4 e6 3. e3 Be7 4. Nd2 0-0 5. Bd3 d5 6. Ngf3 c5 7. c3 Nc6 8. h4 h5 9. Ne5 Bd7 10. Be2 cxd4 11. exd4 Qb6 12. Qb1 Nxe5 13. Bxe5 Ng4 14. Nf3 f6 15. Bg3 e5 16. dxe5 fxe5 17. Nxe5 Nxe5 18. Bxe5 1-0

[Event "KEN-ch"]
[Site "Nairobi"]
[Date "2022.12.27"]
[Round "3"]
[White "Thuku, Nephat Muchiri"]
[Black "Sang, Ricky"]
[Result "1-0"]
[WhiteElo "1681"]
[BlackElo "1849"]
[PlyCount "55"]
[EventDate "2022.12.26"]
[EventType "swiss"]
[EventRounds "9"]
[EventCountry "KEN"]
[SourceTitle "EXT 2024"]
[Source "ChessBase"]
[SourceDate "2023.10.10"]
[SourceVersion "1"]
[SourceVersionDate "2023.10.10"]
[SourceQuality "1"]

1. d4 d5 2. c4 e6 3. Nc3 Be7 4. Bf4 Nf6 5. e3 0-0 6. Nf3 c6 7. Rc1 Nbd7 8. h3 Re8 9. Bd3 a6 10. 0-0 dxc4 11. Bxc4 b5 12. Bd3 c5 13. Ne4 c4 14. Bb1 Qb6 15. Ne5 Bb7 16. Ng5 Nxe5 17. dxe5 Nd5 18. Qh5 Bxg5 19. Qxh7+ Kf8 20. Qh8+ Ke7 21. Bxg5+ Kd7 22. Qxg7 Rf8 23. e4 Ne7 24. Rfd1+ Ke8 25. Rd6 Qc7 26. Rcd1 Rd8 27. h4 Bc6 28. h5 1-0

[Event "KEN-ch"]
[Site "Nairobi"]
[Date "2021.12.26"]
[Round "1"]
[White "Sang, Ricky"]
[Black "Muchugu, Christian Nderi"]
[Result "1-0"]
[WhiteElo "1971"]
[BlackElo "1423"]
[PlyCount "95"]
[EventDate "2021.12.26"]
[EventType "swiss"]
[EventRounds "9"]
[EventCountry "KEN"]
[SourceTitle "EXT 2023"]
[Source "ChessBase"]
[SourceDate "2022.10.05"]
[SourceVersion "1"]
[SourceVersionDate "2022.10.05"]
[SourceQuality "1"]

1. d4 d5 2. c4 Nf6 3. Nc3 c6 4. cxd5 cxd5 5. Bf4 Nc6 6. e3 a6 7. Bd3 e6 8. Nf3 Bd6 9. Bg3 0-0 10. Rc1 Re8 11. Ne5 Bxe5 12. dxe5 Nd7 13. f4 Nf8 14. 0-0 Qb6 15. Qe2 Nb4 16. Bb1 Bd7 17. a3 Nc6 18. f5 exf5 19. Nxd5 Qa5 20. Rfd1 Be6 21. Be1 Qxd5 22. Rxd5 Bxd5 23. Bxf5 Rxe5 24. Qf2 Rae8 25. Bd2 g6 26. Bd3 Nd7 27. b4 Be4 28. Bxe4 Rxe4 29. Rf1 f5 30. Bc3 h5 31. Qa2+ R8e6 32. Rd1 Nb6 33. Rd6 Kf7 34. Kf2 Ke7 35. Rxe6+ Rxe6 36. a4 Nd7 37. b5 Nce5 38. h3 Nd3+ 39. Kf3 N3e5+ 40. Kg3 Nd3 41. Bd4 Nf6 42. Qc4 Ne4+ 43. Kh2 Ndc5 44. Bxc5+ Nxc5 45. Qxc5+ Kf6 46. Qf8+ Kg5 47. Qd8+ Kh6 48. Qd7 1-0

[Event "African Online op"]
[Site "Tornelo INT"]
[Date "2021.02.04"]
[Round "6"]
[White "Njoroge, Martin"]
[Black "Sang, Ricky"]
[Result "1-0"]
[WhiteElo "1965"]
[BlackElo "1991"]
[PlyCount "59"]
[EventDate "2021.02.01"]
[EventType "swiss (rapid)"]
[EventRounds "9"]
[EventCountry "NET"]
[SourceTitle "CBM 200 Extra"]
[Source "ChessBase"]
[SourceDate "2021.03.31"]
[SourceVersion "1"]
[SourceVersionDate "2021.03.31"]
[SourceQuality "1"]

1. e4 c5 2. Nf3 d6 3. Nc3 a6 4. d4 cxd4 5. Nxd4 Nf6 6. g3 b5 7. Bg2 Bb7 8. 0-0 Qc7 9. Nd5 Bxd5 10. exd5 g6 11. a4 b4 12. a5 Bg7 13. Be3 0-0 14. Nc6 Nxc6 15. Bb6 Qc8 16. dxc6 d5 17. Bxd5 Nxd5 18. Qxd5 Bxb2 19. Rad1 e6 20. Qd7 Bf6 21. Rd3 Kg7 22. Rb1 Bc3 23. c7 h5 24. Qxc8 Raxc8 25. Rd8 Be5 26. Rd7 Bc3 27. Rbd1 Bf6 28. Kf1 Rfe8 29. Ke2 e5 30. R1d6 1-0

[Event "African Online op"]
[Site "Tornelo INT"]
[Date "2021.02.03"]
[Round "5"]
[White "Sang, Ricky"]
[Black "Likoko, Elvis Wanasunia"]
[Result "0-1"]
[WhiteElo "1991"]
[BlackElo "1646"]
[PlyCount "86"]
[EventDate "2021.02.01"]
[EventType "swiss (rapid)"]
[EventRounds "9"]
[EventCountry "NET"]
[SourceTitle "CBM 200 Extra"]
[Source "ChessBase"]
[SourceDate "2021.03.31"]
[SourceVersion "1"]
[SourceVersionDate "2021.03.31"]
[SourceQuality "1"]

1. d4 b6 2. Bf4 Bb7 3. e3 Nf6 4. Nf3 g6 5. Nc3 Bg7 6. Be2 d6 7. h3 Nbd7 8. Qd2 0-0 9. 0-0 c5 10. Rad1 Rc8 11. Rfe1 a6 12. a4 Qc7 13. d5 c4 14. Bf1 Nc5 15. e4 Qd7 16. Ra1 b5 17. axb5 axb5 18. e5 b4 19. exf6 bxc3 20. bxc3 Bxf6 21. Ra7 Na4 22. Nd4 Ra8 23. Rxa8 Rxa8 24. Bxc4 Qc7 25. Bb3 Qxc3 26. Qxc3 Nxc3 27. Nc6 Bxc6 28. dxc6 Rc8 29. Bh6 Rxc6 30. Kf1 Ra6 31. g4 e6 32. Bd2 Na4 33. Bb4 Bc3 34. Bxc3 Nxc3 35. Re3 Rc6 36. Ke1 d5 37. f3 Nb5 38. Kd2 Nd4 39. Ba4 Rc4 40. Ra3 Nxf3+ 41. Ke3 Ng5 42. h4 Rxg4 43. hxg5 Rg3+ 0-1

[Event "TAN-ch op"]
[Site "Dar es Salaam"]
[Date "2019.11.01"]
[Round "1"]
[White "Sang, Ricky"]
[Black "Hussein, Ally"]
[Result "1-0"]
[WhiteElo "1971"]
[BlackElo "1468"]
[PlyCount "67"]
[EventDate "2019.11.01"]
[EventType "swiss"]
[EventRounds "6"]
[EventCountry "TAN"]
[SourceTitle "EXT 2021"]
[Source "ChessBase"]
[SourceDate "2020.10.23"]
[SourceVersion "1"]
[SourceVersionDate "2020.10.23"]
[SourceQuality "1"]

1. d4 d5 2. Bf4 Bf5 3. c4 e6 4. Qb3 b6 5. e3 Nf6 6. Nc3 Bd6 7. Bg5 Be7 8. Bxf6 Bxf6 9. cxd5 e5 10. Bb5+ Bd7 11. dxe5 Bxe5 12. Bd3 0-0 13. Nf3 Bf6 14. 0-0 Bg4 15. Be2 Nd7 16. Rac1 Nc5 17. Qc4 Bc8 18. b4 Ba6 19. Nb5 Bxb5 20. Qxb5 Nd7 21. Rfd1 a5 22. d6 c5 23. bxc5 Nxc5 24. Bd3 g6 25. Bb1 Ra7 26. Nd4 Rb7 27. Qc6 Qd7 28. Be4 Nxe4 29. Qxe4 Rc8 30. Nc6 Re8 31. Qd5 Bb2 32. Rb1 Ba3 33. Nxa5 Bc5 34. Nxb7 1-0

[Event "Africa-ch Blitz"]
[Site "Casablanca"]
[Date "2019.08.28"]
[Round "1.13"]
[White "Boudriga, Mohamed Ali"]
[Black "Sang, Ricky"]
[Result "1-0"]
[WhiteElo "2286"]
[BlackElo "1825"]
[PlyCount "63"]
[EventDate "2019.08.28"]
[EventType "swiss (blitz)"]
[EventRounds "9"]
[EventCountry "MAR"]
[SourceTitle "EXT 2024"]
[Source "ChessBase"]
[SourceDate "2023.10.10"]
[SourceVersion "1"]
[SourceVersionDate "2023.10.10"]
[SourceQuality "1"]

1. g3 d5 2. Bg2 e5 3. c4 c6 4. cxd5 cxd5 5. Qb3 Nf6 6. Nc3 e4 7. Nh3 Be7 8. Nf4 Nc6 9. Nfxd5 Na5 10. Nxf6+ Bxf6 11. Qa4+ Bd7 12. Qxe4+ Be7 13. 0-0 0-0 14. d4 Re8 15. Qd3 Rc8 16. b3 Nc6 17. Bb2 b6 18. h3 Nb4 19. Qd2 Bf5 20. e4 Bg6 21. a3 Nc6 22. Nd5 Bf8 23. Rfe1 h6 24. b4 Qd6 25. Rac1 Qd7 26. Nf4 Bh7 27. e5 Ne7 28. d5 Nf5 29. d6 Rxc1 30. Rxc1 g5 31. Nd5 Ng7 32. Nf6+ 1-0

[Event "Africa-ch Blitz"]
[Site "Casablanca"]
[Date "2019.08.28"]
[Round "5.14"]
[White "Khetho, Phemelo"]
[Black "Sang, Ricky"]
[Result "1-0"]
[WhiteElo "2152"]
[BlackElo "1825"]
[PlyCount "87"]
[EventDate "2019.08.28"]
[EventType "swiss (blitz)"]
[EventRounds "9"]
[EventCountry "MAR"]
[SourceTitle "EXT 2024"]
[Source "ChessBase"]
[SourceDate "2023.10.10"]
[SourceVersion "1"]
[SourceVersionDate "2023.10.10"]
[SourceQuality "1"]

1. e4 c5 2. b3 d6 3. Bb2 Nf6 4. Nc3 e6 5. Bb5+ Bd7 6. Bxd7+ Nbxd7 7. Nge2 Be7 8. 0-0 0-0 9. d4 cxd4 10. Nxd4 a6 11. a4 Qc7 12. Rc1 Rac8 13. Kh1 Nc5 14. Qe2 Rfd8 15. f4 d5 16. exd5 Nxd5 17. Nxd5 Rxd5 18. c4 Rd7 19. f5 e5 20. Nf3 f6 21. Rc3 Rcd8 22. Bc1 Nd3 23. Be3 Bb4 24. Rc2 Nc5 25. Nh4 Rd3 26. Bg1 Nxb3 27. c5 R3d5 28. Qc4 Bxc5 29. Qxb3 b6 30. a5 Kh8 31. axb6 Qxb6 32. Qxb6 Bxb6 33. Bxb6 Rb8 34. Bg1 a5 35. Rcc1 a4 36. Ra1 Ra8 37. Ra3 Kg8 38. Rfa1 Rda5 39. Nf3 g6 40. fxg6 hxg6 41. Nd2 Kf7 42. Nc4 Rc5 43. Rxa4 Rxa4 44. Rxa4 1-0

[Event "Africa-ch Blitz"]
[Site "Casablanca"]
[Date "2019.08.28"]
[Round "9.21"]
[White "Koualet Bebondi, Vianney Archeveq"]
[Black "Sang, Ricky"]
[Result "0-1"]
[WhiteElo "1679"]
[BlackElo "1825"]
[PlyCount "78"]
[EventDate "2019.08.28"]
[EventType "swiss (blitz)"]
[EventRounds "9"]
[EventCountry "MAR"]
[SourceTitle "EXT 2024"]
[Source "ChessBase"]
[SourceDate "2023.10.10"]
[SourceVersion "1"]
[SourceVersionDate "2023.10.10"]
[SourceQuality "1"]

1. e4 c5 2. d3 d6 3. Be2 Nf6 4. Nf3 e6 5. 0-0 Be7 6. h3 0-0 7. Nh2 Nc6 8. Be3 d5 9. exd5 Nxd5 10. Qd2 Nxe3 11. fxe3 Bg5 12. Nf3 b6 13. Nc3 Bh6 14. Nd1 Bb7 15. Qe1 Nb4 16. Qd2 Nd5 17. c4 Nf6 18. Qc3 Qc7 19. e4 Nh5 20. e5 Ng3 21. Rf2 Rad8 22. Nh2 Nf5 23. Ng4 Bg5 24. Bf3 Bxf3 25. Rxf3 Nd4 26. Rf1 h5 27. Nh2 Ne2+ 28. Kh1 Nxc3 29. Nxc3 Rxd3 30. Nf3 Bh6 31. Ne4 Rfd8 32. Nd6 R8xd6 33. exd6 Qxd6 34. Rae1 Bf4 35. Re2 Rd1 36. Ree1 Rxe1 37. Rxe1 Qd3 38. b3 Qc2 39. Rf1 Bg3 0-1

[Event "Africa-ch Blitz"]
[Site "Casablanca"]
[Date "2019.08.28"]
[Round "8.17"]
[White "Sang, Ricky"]
[Black "Amba, Oyon Marius Claude"]
[Result "0-1"]
[WhiteElo "1825"]
[BlackElo "1930"]
[PlyCount "81"]
[EventDate "2019.08.28"]
[EventType "swiss (blitz)"]
[EventRounds "9"]
[EventCountry "MAR"]
[SourceTitle "EXT 2024"]
[Source "ChessBase"]
[SourceDate "2023.10.10"]
[SourceVersion "1"]
[SourceVersionDate "2023.10.10"]
[SourceQuality "1"]

1. d4 Nf6 2. Bf4 c5 3. e3 e6 4. Nf3 b6 5. Nbd2 Bb7 6. h3 Be7 7. Bd3 d6 8. 0-0 h6 9. Re1 g5 10. Bg3 g4 11. hxg4 Nxg4 12. e4 cxd4 13. Nxd4 h5 14. c4 Nd7 15. N2f3 Nde5 16. Nxe5 dxe5 17. Nf3 f6 18. Qa4+ Qd7 19. Qxd7+ Kxd7 20. Rad1 Bc5 21. Bc2+ Ke7 22. a3 a5 23. Ba4 Rad8 24. Nh4 Kf7 25. Kf1 Rxd1 26. Rxd1 Bd4 27. f3 Ne3+ 28. Ke2 Nxd1 29. Kxd1 Bxb2 30. Bf2 Bd4 31. Be1 Bc5 32. Kc2 Bxa3 33. c5 Bxc5 34. Bb5 Rd8 35. g3 Rd4 36. Ng2 Bb4 37. Bxb4 Rxb4 38. Bd3 Ra4 39. Kb3 Rd4 40. Kc2 Bc6 41. Ne3 0-1

[Event "Olympiad-43"]
[Site "Batumi"]
[Date "2018.10.01"]
[Round "7.56"]
[White "Sang, Ricky"]
[Black "Chinchilla Miranda, Eugenio"]
[Result "0-1"]
[WhiteElo "1959"]
[BlackElo "2206"]
[PlyCount "106"]
[EventDate "2018.09.24"]
[EventType "team-swiss"]
[EventRounds "11"]
[EventCountry "GEO"]
[SourceTitle "CBM 187"]
[Source "ChessBase"]
[SourceDate "2018.12.11"]
[SourceVersion "1"]
[SourceVersionDate "2018.12.11"]
[SourceQuality "1"]
[WhiteTeam "Kenya"]
[BlackTeam "Costa Rica"]
[WhiteTeamCountry "KEN"]
[BlackTeamCountry "CRI"]

1. e4 e5 2. Nf3 Nc6 3. Bc4 Nf6 4. d3 Be7 5. c3 0-0 6. Bb3 d6 7. Nbd2 Nd7 8. d4 exd4 9. cxd4 Bf6 10. Nf1 Na5 11. Bc2 c5 12. Ne3 Nb6 13. Qd3 g6 14. d5 Bd7 15. Bd2 Bxb2 16. Rb1 c4 17. Qe2 c3 18. 0-0 cxd2 19. Rxb2 Qf6 20. Rfb1 Rac8 21. Nxd2 Rc5 22. Nb3 Nxb3 23. Bxb3 Rfc8 24. Qd2 Qc3 25. Qxc3 Rxc3 26. Rc2 Kg7 27. Rbc1 Rxc2 28. Rxc2 Rxc2 29. Nxc2 f5 30. f3 Kf6 31. Kf2 Ke5 32. Ke3 f4+ 33. Kd2 g5 34. Na3 h5 35. Nc4+ Nxc4+ 36. Bxc4 Kd4 37. Bf1 g4 38. Be2 b5 39. fxg4 hxg4 40. Bd3 b4 41. Bc2 a5 42. Ke2 Kc3 43. Bd1 a4 44. h4 gxh3 45. gxh3 b3 46. Bxb3 axb3 47. axb3 Bxh3 48. Kf3 Kd4 49. Kxf4 Bc8 50. b4 Bd7 51. Kf3 Ke5 52. Ke3 Bb5 53. Kf3 Bd3 0-1